Personnalités photographiées avec François Mitterrand - Statistiques

Statistiques générales
  • Ce quiz a été pris 726 fois
  • Le résultat moyen est 13 sur 20
Statistiques - réponses
Par images Réponse % Correct
Elizabeth II
100%
Jacques Chirac
96%
Gérard Depardieu
91%
Valéry Giscard d'Estaing
91%
Jean-Luc Mélenchon
86%
Charles Aznavour
85%
Lionel Jospin
79%
Margaret Thatcher
79%
Renaud
74%
Dalida
70%
Ronald Reagan
66%
Brigitte Bardot
63%
Georges H. W. Bush
59%
Mikhaïl Gorbatchev
59%
Fidel Castro
48%
Danielle Mitterrand
46%
Edith Cresson
42%
Georges Marchais
40%
Michel Rocard
34%
Helmut Kohl
30%
Aucun quiz correspondant
Distribution des résultats
% des personnes avec chaque résultat
Percentile par nombre de réponses
Votre historique - résultats
Vous n’avez pas pris ce quiz